000 004850000a22002050004500
999 _c49081
_d49081
001 1929
003 CO-MdFUSB
005 20171018145623.0
008 171018b xxu||||| |||| 00| 0 eng d
020 _a9780-8254-1789-4
040 _cCO-MdBIC
082 0 4 _a863N St042d
100 1 _aSt. John, Patricia
245 1 0 _aDonce Nace el Rio / Patricia St. John
260 _aMichigan : Portavoz
300 _a144 P.
500 _aLibro juvenil
505 0 0 _aAventura
942 _cLGB